All Kanye West Album Songs - Statistics

General Stats
  • This quiz has been taken 23 times
  • The average score is 77 of 207
Answer Stats
Answer % Correct
All Falls Down
100%
School Spirit
93%
Champion
86%
Spaceship
86%
We Don’t Care
86%
Drunk And Hot Girls
79%
Flashing Lights
79%
Get Em High
79%
Good Morning
79%
Homecoming
79%
Slow Jamz
79%
The New Workout Plan
79%
Barry Bonds
71%
Everything I Am
71%
Father
71%
Intro
71%
I Wonder
71%
Jesus Walks
71%
Last Call
71%
Never Let Me Down
71%
School Spirit Skit 1
71%
School Spirit Skit 2
71%
Through The Wire
71%
Workout Plan
71%
Breathe In Breathe Out
64%
Dark Fantasy
64%
Family Business
64%
Good Life
64%
Gorgeous
64%
Graduation Day
64%
Heard Em Say
64%
I’ll Fly Away
64%
Ni**as In Paris
64%
No Church In The Wild
64%
Runaway
64%
Touch The Sky
64%
Wake Up Mr. West
64%
All Of The Lights
57%
All Of The Lights (Interlude)
57%
Black Skinhead
57%
Bound 2
57%
Can’t Tell Me Nothing
57%
Devil In A New Dress
57%
Donda
57%
Gold Digger
57%
Heartless
57%
Late
57%
Power
57%
Saint Pablo
57%
Stronger
57%
We Major
57%
Blame Game
50%
Diamonds From Sierra Leone
50%
Diamonds From Sierra Leone Remix
50%
Donda Chant
50%
Drive Slow
50%
Father Stretch My Hands Pt.1
50%
Ghost Town
50%
God Is
50%
Hey Mama
50%
Hold My Liquor
50%
Lil Jimmy Skit
50%
Lost In The World
50%
New Slaves
50%
On Sight
50%
Otis
50%
Paranoid
50%
Skit #1
50%
Skit #2
50%
Skit #3
50%
Skit #4
50%
Street Lights
50%
The Glory
50%
Two Words
50%
Violent Crimes
50%
4th Dimension
43%
Addiction
43%
Big Brother
43%
Blood On The Leaves
43%
Bring Me Down
43%
Celebration
43%
Crack Music
43%
Famous
43%
Feedback
43%
Gone
43%
I Thought About Killing You
43%
Love Lockdown
43%
Monster
43%
My Way Home
43%
Reborn
43%
RoboCop
43%
Roses
43%
Selah
43%
Siiiiiiiiilver Surffffeeeeer Intermission
43%
So Appalled
43%
Welcome To Heartbreak
43%
Who Will Survive In America
43%
Wolves
43%
Coldest Winter
36%
Fade
36%
Feel The Love
36%
Fire
36%
Hell Of A Life
36%
I Am A God
36%
I’m In It
36%
Kids See Ghosts
36%
No Mistakes
36%
No More Parties In LA
36%
Pt.2
36%
Say You Will
36%
See You In My Nightmares
36%
Ultralight Beam
36%
Waves
36%
Wouldn’t Leave
36%
Yikes
36%
24
29%
All Mine
29%
All The Love
29%
Amazing
29%
Bad News
29%
Closed On Sunday
29%
Cudi Montage
29%
FML
29%
Follow God
29%
Highlights
29%
Hurricane
29%
Lift Off
29%
Low Lights
29%
Moon
29%
New Day
29%
On God
29%
Pinocchio Story
29%
Welcome To The Jungle
29%
30 Hours
21%
Bully
21%
Burn
21%
Facts
21%
Frank’s Track
21%
Freeee (Ghost Town Pt.2)
21%
Freestyle 4
21%
Guilt Trip
21%
Hands On
21%
I Love Kanye
21%
Jail
21%
Jesus Is Lord
21%
King
21%
Murder To Excellence
21%
Off The Grid
21%
Praise God
21%
Real Friends
21%
That’s My Bitch
21%
Use This Gospel
21%
Vultures
21%
Come To Life
14%
Every Hour
14%
Everything We Need
14%
God Breathed
14%
Heaven And Hell
14%
Hoodrat
14%
Jail Pt.2
14%
Jesus Lord
14%
Jonah
14%
Junya
14%
Keep My Spirit Alive
14%
Made In America
14%
Ok Ok
14%
Ok Ok Pt.2
14%
Paperwork
14%
Preacher Man
14%
Punch Drunk
14%
Pure Souls
14%
Send It Up
14%
Stars
14%
Water
14%
Who Gon Stop Me
14%
Why I Love You
14%
Back To Me
7%
Beauty And The Beast
7%
Believe What I Say
7%
Carnival
7%
Damn
7%
Fuk Sumn
7%
Gotta Have It
7%
Jesus Lord Pt.2
7%
Junya Pt.2
7%
Last Breath
7%
Mama’s Favorite
7%
New Again
7%
Paid
7%
Remote Control
7%
Sisters And Brothers
7%
This A Must
7%
Whatever Works
7%
Beg Forgiveness
0%
Circles
0%
Do It
0%
Highs And Lows
0%
I Can’t Wait
0%
Keys To My Life
0%
Lord I Need You
0%
No Child Left Behind
0%
Problematic
0%
Talking
0%
Tell The Vision
0%
This One Here
0%
White Lines
0%
No matching quizzes found
Score Distribution
Percent of People with Each Score
Percentile by Number Answered
Your Score History
You have not taken this quiz